Thẩm quyền của toà án đối với việc công nhận sự thoả thuận của các đương sự trong tranh chấp kinh doanh thương mại Luận văn thạc sĩ Luật kinh tế. Ngành: Luật kinh tế. Mã ngành: 60380107

Spremljeno u:
Bibliografski detalji
Glavni autor: Đặng, Thị Ngọc Tú
Autori kompanije: Ủy ban Nhân dân tỉnh Trà Vinh, Trường Đại học Trà Vinh
Daljnji autori: Đặng Thị Ngọc Tú; Đoàn Thị Phương Diệp
Jezik:Undetermined
Izdano: Trà Vinh Trường Đại học Trà Vinh 2018
Teme:
Oznake: Dodaj oznaku
Bez oznaka, Budi prvi tko označuje ovaj zapis!
Thư viện lưu trữ: Trung tâm Học liệu Trường Đại học Trà Vinh
LEADER 01089nam a2200277Ia 4500
001 TVU_26599
008 210423s9999 xx 000 0 und d
041 |a Vie 
082 |a 342.597068 
082 |b T500 
100 |a Đặng, Thị Ngọc Tú 
245 0 |a Thẩm quyền của toà án đối với việc công nhận sự thoả thuận của các đương sự trong tranh chấp kinh doanh thương mại 
245 0 |b Luận văn thạc sĩ Luật kinh tế. Ngành: Luật kinh tế. Mã ngành: 60380107 
245 0 |c Đặng Thị Ngọc Tú ; Đoàn Thị Phương Diệp (hướng dẫn khoa học) 
260 |a Trà Vinh 
260 |b Trường Đại học Trà Vinh 
260 |c 2018 
300 |a vi, 67, 8 tr. 
300 |b minh họa 
300 |c 30 cm 
650 |a Luật tòa án 
700 |a Đặng Thị Ngọc Tú; Đoàn Thị Phương Diệp  
700 |e người hướng dẫn khoa học 
710 |a Ủy ban Nhân dân tỉnh Trà Vinh 
710 |b Trường Đại học Trà Vinh 
980 |a Trung tâm Học liệu Trường Đại học Trà Vinh